Discurso leído ante el claustro de la Universidad Central por José de Gorostizaga y Carvajal, en el acto... de recibir la investidura de doctor en la Facultad de Medicina. (Record no. 154677)

MARC details
000 -LEADER
campo de control de longitud fija 00847nam a22001935i 4500
001 - NÚMERO DE CONTROL
campo de control 154677
003 - IDENTIFICADOR DE NÚMERO DE CONTROL
campo de control ES-MaACL
005 - FECHA Y HORA DE LA ÚLTIMA TRANSACCIÓN
campo de control 20250807065928.0
008 - DATOS DE LONGITUD FIJA--INFORMACIÓN GENERAL
campo de control de longitud fija 040715s1868 sp |||| | spa d
040 ## - FUENTE DE CATALOGACIÓN
Centro catalogador/agencia de origen CAM
Lengua de catalogación spa
Centro/agencia transcriptor CAM
100 1# - ENTRADA PRINCIPAL--NOMBRE DE PERSONA
Nombre de persona Gorostizaga y Carvajal, José de.
9 (RLIN) 127483
245 10 - MENCIÓN DEL TÍTULO
Título Discurso leído ante el claustro de la Universidad Central por José de Gorostizaga y Carvajal, en el acto... de recibir la investidura de doctor en la Facultad de Medicina.
260 ## - PUBLICACIÓN, DISTRIBUCIÓN, ETC.
Lugar de publicación, distribución, etc. Madrid :
Nombre del editor, distribuidor, etc. [s.n.],
Fecha de publicación, distribución, etc. 1868 (
Fabricante Oficina Tipográfica del Hospicio)
300 ## - DESCRIPCIÓN FÍSICA
Extensión 19 p. ;
Dimensiones 27 cm.
594 ## - Nota al título y mención de responsabilidad
Nota al título y mención de responsabilidad Tít. del discurso: El hombre es cosmopolita. ¿Puede o no aclimatarse sobre todos los puntos del globo?
650 07 - PUNTO DE ACCESO ADICIONAL DE MATERIA--TÉRMINO DE MATERIA
Término de materia o nombre geográfico como elemento de entrada Hombre
Fuente del encabezamiento o término embne
9 (RLIN) 13451
852 ## - LOCALIZACIÓN
Ubicación ES-MaACL
Número de control de estantería Fol-Laf-114
Nota libre -- Rúst.
-- -- Legado de Modesto de la Fuente
Holdings
Estatus retirado Estado de pérdida Estado de daño No para préstamo Colección Biblioteca de origen Biblioteca actual Ubicación en estantería Fecha de adquisición Fuente de adquisición Total de préstamos Signatura topográfica completa Código de barras Visto por última vez Precio de reemplazo Tipo de ítem Koha
        Colección de folletos Biblioteca del Ateneo de Madrid Biblioteca del Ateneo de Madrid Depósito folletos 17/01/2008     Fol-Laf-114 1161781 23/02/2023 23/02/2023 Folleto